000 00554nam a2200157 a 4500
008 120416s1990 ||||||||||||||||| || u
050 _aHC 800 Pra
100 _aPradervand, Pierre
245 1 0 _aListening to Africa
246 _adeveloping Africa from the grassroots
260 _aNew York
_bPraeger
_c1990
350 _a0.00
650 0 _aECONOMIC DEVELOPMENT--AFRICA
650 0 _aECONOMICS
995 _D0.00
_FCBU-MAIN LIBRARY (Kitwe)
_H1
_I14.95
_M1
_UAVAILABLE
_ZMain Library Open Access Collection
999 _c49352
_d49352